<?xml version="1.0" encoding="UTF-8"?>
<record
    xmlns:xsi="http://www.w3.org/2001/XMLSchema-instance"
    xsi:schemaLocation="http://www.loc.gov/MARC21/slim http://www.loc.gov/standards/marcxml/schema/MARC21slim.xsd"
    xmlns="http://www.loc.gov/MARC21/slim">

  <leader>00872cam a22002291i 4500</leader>
  <controlfield tag="001">ne 68002222 </controlfield>
  <controlfield tag="003">DLC</controlfield>
  <controlfield tag="005">20260227111843.0</controlfield>
  <controlfield tag="008">880920s1967    ir       b    000 0 perr </controlfield>
  <datafield tag="010" ind1=" " ind2=" ">
    <subfield code="a">ne 68002222 </subfield>
  </datafield>
  <datafield tag="035" ind1=" " ind2=" ">
    <subfield code="a">(OCoLC)18507150</subfield>
  </datafield>
  <datafield tag="040" ind1=" " ind2=" ">
    <subfield code="a">DLC</subfield>
    <subfield code="c">WaU</subfield>
    <subfield code="d">DLC</subfield>
  </datafield>
  <datafield tag="042" ind1=" " ind2=" ">
    <subfield code="a">premarc</subfield>
  </datafield>
  <datafield tag="043" ind1=" " ind2=" ">
    <subfield code="a">a-ir---</subfield>
  </datafield>
  <datafield tag="050" ind1="0" ind2="0">
    <subfield code="a">PK6416</subfield>
    <subfield code="b">.Z2</subfield>
  </datafield>
  <datafield tag="100" ind1="1" ind2=" ">
    <subfield code="a">Zarr&#x12B;n&#x2B9;k&#x16B;b, &#x2BB;Abd al-&#x1E24;usayn.</subfield>
  </datafield>
  <datafield tag="245" ind1="1" ind2="0">
    <subfield code="a">Shi&#x2BB;r-i b&#x12B; dur&#x16B;gh, shi&#x2BB;r-i b&#x12B; naq&#x101;b :</subfield>
    <subfield code="b">sh&#x101;mil-i ba&#x1E25;s&#x332; dar fun&#x16B;n-i sh&#x101;&#x2BB;ir&#x12B;, sabk naqd-i shi&#x2BB;r-i F&#x101;rs&#x12B;.  Ba mul&#x101;&#x1E25;iz&#x101;t-i ta&#x1E6D;b&#x12B;q&#x12B; va in&#x1E6D;iq&#x101;d&#x12B; r&#x101;ji&#x2BB; bishi&#x2BB;r-i qad&#x12B;m va shi&#x2BB;r-i imr&#x16B;z. /</subfield>
    <subfield code="c">ta&#x2BC;lif-i &#x2BB;Abd al-&#x1E24;usayn Zarrinkub.</subfield>
  </datafield>
  <datafield tag="260" ind1=" " ind2=" ">
    <subfield code="a">&#x1E6C;ihr&#x101;n :</subfield>
    <subfield code="b">Mu&#x1E25;ammad &#x2BB;Al&#x12B; &#x2BB;Ilm&#x12B;,</subfield>
    <subfield code="c">1346 [1967 or 8]</subfield>
  </datafield>
  <datafield tag="300" ind1=" " ind2=" ">
    <subfield code="a">7, 337 p. ;</subfield>
    <subfield code="c">24 cm.</subfield>
  </datafield>
  <datafield tag="504" ind1=" " ind2=" ">
    <subfield code="a">Bibliography: [317]-321.</subfield>
  </datafield>
  <datafield tag="650" ind1=" " ind2="0">
    <subfield code="a">Persian poetry</subfield>
    <subfield code="x">History and criticism.</subfield>
  </datafield>
  <datafield tag="999" ind1=" " ind2=" ">
    <subfield code="c">50474</subfield>
    <subfield code="d">50474</subfield>
  </datafield>
</record>
